zpět

Detail výsledku týmu

Simply Coffee, Pardubice

Datum a čas kvízu

31 Celkem bodů Celkový počet nahraných bodů na tomto kvízu bez doplňovacích otázek.
2. Pořadí na kvízu Konečné umístění týmu na tomto kvízu.

Zaznamenané odpovědi

# Otázka Odpověď Body Výsledky
1. Minulou sobotu byla mimořádně... Kramářova vila 1
2. Napište dvouslovný název chemi... dusičnan (ledek) amonný 0
3. Minulý týden se v Praze konal... Střelecký ostrov 1
4. Ve Velharticích na Klatovsku o... brambory 0
5. Světová deblová dvojka Barbora... Simona Halepová 1
6. Historie kulečníkových her sah... slonovina 1
7. Kulečník, nebo také biliár (z... pool 1
8. Osmička (Eight-ball) se hraje... A 0
9. Nyní vám pustíme ukázku ze ser... karambol 1
10. The Hustler, česky Hazardní hr... Barva peněz 0